Seguimiento de la colonización en la Amazonia colombiana el caso de San José del Guaviare (<1978-1986>) (Registro nro. 11844)

Detalles MARC
000 -CABECERA
Campo de control 006250000a22001810004500
090 ## - CLASIFICACIÓN LOCAL
Colección AR
Consecutivo 02783
041 0# - IDIOMA
Código de idioma para texto/pista de sonido o título separado
100 1# - ASIENTO PRINCIPAL--NOMBRE PERSONAL
Nombre personal Etter R, Andrés
245 10 - MENCION DE TITULO
Título Seguimiento de la colonización en la Amazonia colombiana el caso de San José del Guaviare (<1978-1986>)
650 14 - ASIENTO SECUNDARIO DE MATERIA - TERMINO TEMATICO
Término temático o nombre geográfico como elemento de entrada Procesos de colonización
650 14 - ASIENTO SECUNDARIO DE MATERIA - TERMINO TEMATICO
Término temático o nombre geográfico como elemento de entrada Impacto ambiental
650 14 - ASIENTO SECUNDARIO DE MATERIA - TERMINO TEMATICO
Término temático o nombre geográfico como elemento de entrada Sistemas de producción
650 14 - ASIENTO SECUNDARIO DE MATERIA - TERMINO TEMATICO
Término temático o nombre geográfico como elemento de entrada Actividades extractivas
651 #4 - ASIENTO SECUNDARIO DE MATERIA - NOMBRE GEOGRAFICO
-- San José del Guaviare
-- Guaviare
-- Colombia
700 1# - ASIENTO SECUNDARIO - NOMBRE PERSONAL
Nombre personal Andrade, Angela
773 1# - Item fuente:
Título Preprint
Especificación de materiales 3
Paginas del Articulo 145-152
Lugar, editorial y fecha de publicación 1987?
942 ## - ELEMENTOS ADICIONALES (KOHA)
Tipo de ítem Artículo
Existencias
Withdrawn status Lost status Damaged status No para préstamo Colección Ubicación Permanente Ubicación actual Fecha de adquisición Fuente de Valor Datos de publicación Seriada Total Checkouts Número topográfico Inventario / Código de Barras Date last seen Ejemplar Price effective from Forma de adquisición Tipo de material
      No para Préstamo Hemeroteca Bogotá Bogotá 27/02/2015 Muñoz Saba, Yaneth Fuera de circulación   AR 02783 013195 25/03/2015 1 25/03/2015   Artículo